000 00463nam a2200169 i 4500
001 63535
003 ES-MaACL
005 20230906164911.0
007 t|
008 031211s1969 sp ||||1| spa d
100 1 _aFerrero, José H.
_950550
245 1 0 _aManual de bombas centrífugas /
_cJosé H. Ferrero.
250 _a[1ª ed.].
260 _aMadrid :
_bAlhambra,
_c[1969]
300 _aXI, 168 p. :
_bil. ;
_c23 cm.
852 _aES-MaACL
_jC-36736
_bR.71035
999 _c63535
_d63535